000 00536nam a22001937a 4500
003 DO-SdBNP
005 20180208102542.0
008 171115b 1986 dr| |||| 00| 0 spa d
040 _aBPMSU
_bspa
_cBPMSU
100 1 _aPeña, José Alejandro
245 1 3 _aEl soñado desquite /
_cJosé Alejandro Peña
260 _aSanto Domingo :
_bEditorial Santo Domingo,
_c1986.
300 _a61 p. ;
_c21 cm.
490 1 _aOrfeo
830 0 _aOrfeo
942 _2ddc
_cBK
945 _aInventariado, 2018 /LP
956 _aBTAVAREZ
_b10
_c20171115
_d0038
999 _c12903
_d12903